Loa en la antigua Guatemala

Sparad:
Bibliografiska uppgifter
Huvudupphovsman: González Villanueva, Gustavo
Materialtyp: Bok
Språk:Undetermined
Publicerad: San José, Costa Rica Promesa 1995
Ämnen:
Taggar: Lägg till en tagg
Inga taggar, Lägg till första taggen!

MARC

LEADER 00000nam a2200000Ia 4500
008 170316s9999 xx 000 0 und d
040 |a cru BVZT 
090 |a 860 G-25L 
100 |a González Villanueva, Gustavo 
245 |a Loa en la antigua Guatemala 
260 |a San José, Costa Rica 
260 |b Promesa 
260 |c 1995 
300 |a 130 páginas 
650 |a LITERATURA LATINOAMERICANA 
999 |c 8744  |d 8744 
942 |c 15 D  |h 860 G-25L  |2 z